[Event "4NCL/Div2/CAMB1 vs. WWKS1"]
[Site "Birmingham ENG"]
[Date "2006.04.30"]
[Round "10.1"]
[White "Dearing, Eddie"]
[Black "Hynes, Anthony"]
[Result "1/2-1/2"]
[WhiteElo "2418"]
[BlackElo "2283"]
[PlyCount "61"]
[EventDate "2006.04.30"]
[EventType "team"]
[EventRounds "11"]
[EventCountry "ENG"]
[SourceDate "2006.04.29"]
[WhiteTeam "Cambridge U 1"]
[BlackTeam "Warks Select 1"]

1. d4 Nf6 2. c4 g6 3. Nc3 Bg7 4. e4 d6 5. Nf3 O-O 6. Be2 e5 7. O-O Nc6 8. d5
Ne7 9. Ne1 Nd7 10. Nd3 f5 11. Bd2 Nf6 12. f3 h5 13. c5 f4 14. cxd6 cxd6 15. Nf2
g5 16. h3 Ng6 17. Qc2 Rf7 18. Rfc1 Bf8 19. a4 Rg7 20. Ra3 Nh4 21. Qd1 g4 22.
fxg4 hxg4 23. hxg4 Nh5 24. Nb5 Ng3 25. Rac3 Rh7 26. Nc7 Rb8 27. Ne6 Bxe6 28.
dxe6 Ng6 29. a5 Qh4 30. Nh3 Nxe4 31. Rc7 1/2-1/2

[Event "4NCL/Div2/CAMB1 vs. WWKS1"]
[Site "Birmingham ENG"]
[Date "2006.04.30"]
[Round "10.2"]
[White "Mason, Don"]
[Black "Mah, Karl C C"]
[Result "1/2-1/2"]
[WhiteElo "2277"]
[BlackElo "2425"]
[PlyCount "35"]
[EventDate "2006.04.30"]
[EventType "team"]
[EventRounds "11"]
[EventCountry "ENG"]
[SourceDate "2006.04.29"]
[WhiteTeam "Warks Select 1"]
[BlackTeam "Cambridge U 1"]

1. e4 g6 2. d4 Bg7 3. Nf3 d6 4. c4 Nf6 5. Nc3 O-O 6. Be2 e5 7. O-O Nc6 8. d5
Ne7 9. b4 Nh5 10. Re1 Nf4 11. Bf1 h6 12. Nd2 Qd7 13. c5 f5 14. Ba3 Kh8 15. Rc1
fxe4 16. cxd6 cxd6 17. Ndxe4 a6 18. b5 1/2-1/2

[Event "4NCL/Div2/CAMB1 vs. WWKS1"]
[Site "Birmingham ENG"]
[Date "2006.04.30"]
[Round "10.3"]
[White "Pinter, Gabor"]
[Black "James, Russell A"]
[Result "1/2-1/2"]
[WhiteElo "2353"]
[BlackElo "2230"]
[PlyCount "30"]
[EventDate "2006.04.30"]
[EventType "team"]
[EventRounds "11"]
[EventCountry "ENG"]
[SourceDate "2006.04.29"]
[WhiteTeam "Cambridge U 1"]
[BlackTeam "Warks Select 1"]

1. e4 e5 2. Nf3 Nc6 3. Nc3 Nf6 4. g3 Nxe4 5. Nxe4 d5 6. Nc3 d4 7. Ne4 f5 8.
Neg5 e4 9. Bc4 exf3 10. Bf7+ Kd7 11. d3 Qe7+ 12. Be6+ Ke8 13. O-O Bxe6 14. Re1
Nd8 15. Qxf3 c6 1/2-1/2

[Event "4NCL/Div2/CAMB1 vs. WWKS1"]
[Site "Birmingham ENG"]
[Date "2006.04.30"]
[Round "10.4"]
[White "Thomas, Nicholas"]
[Black "Moskovic, David M"]
[Result "1-0"]
[WhiteElo "2252"]
[BlackElo "2284"]
[PlyCount "77"]
[EventDate "2006.04.30"]
[EventType "team"]
[EventRounds "11"]
[EventCountry "ENG"]
[SourceDate "2006.04.29"]
[WhiteTeam "Warks Select 1"]
[BlackTeam "Cambridge U 1"]

1. e4 c5 2. c3 Nf6 3. e5 Nd5 4. d4 cxd4 5. cxd4 e6 6. Nf3 d6 7. Bc4 Nb6 8. Bd3
dxe5 9. dxe5 Na6 10. Qe2 Nc5 11. Bc2 Bd7 12. Nc3 Be7 13. O-O Rc8 14. Rd1 O-O
15. Bf4 g6 16. Bh6 Re8 17. Rac1 a5 18. Rd4 Nd5 19. h4 Qb6 20. Bb1 Nxc3 21. Rxc3
Bb5 22. Qc2 Rcd8 23. Be3 Rxd4 24. Nxd4 Bd3 25. Rxd3 Nxd3 26. Nf5 Bc5 27. Nd6
Rd8 28. Qxd3 Bxe3 29. Qxe3 Qxb2 30. Bd3 f6 31. f4 fxe5 32. fxe5 Qxa2 33. Bc4
Qa1+ 34. Kh2 b5 35. Bxe6+ Kg7 36. Qg5 Rxd6 37. Qf6+ Kh6 38. Qf8+ Kh5 39. g4+
1-0

[Event "4NCL/Div2/CAMB1 vs. WWKS1"]
[Site "Birmingham ENG"]
[Date "2006.04.30"]
[Round "10.5"]
[White "Garner, David"]
[Black "Wu, Li"]
[Result "0-1"]
[WhiteElo "2191"]
[BlackElo "2304"]
[PlyCount "86"]
[EventDate "2006.04.30"]
[EventType "team"]
[EventRounds "11"]
[EventCountry "ENG"]
[SourceDate "2006.04.29"]
[WhiteTeam "Cambridge U 1"]
[BlackTeam "Warks Select 1"]

1. e4 c5 2. c3 e6 3. d4 d5 4. exd5 exd5 5. Nf3 Nc6 6. Bb5 Be6 7. dxc5 Bxc5 8.
O-O Nge7 9. Nbd2 O-O 10. Nb3 Bb6 11. Bg5 Bg4 12. Re1 f6 13. Be3 Ne5 14. Bxb6
Qxb6 15. Be2 Bxf3 16. Bxf3 Rfd8 17. Qe2 Rd6 18. Rad1 Rad8 19. Qe3 Qxe3 20. fxe3
f5 21. Nc5 b6 22. Nb7 Nxf3+ 23. gxf3 Rg6+ 24. Kf2 Rd7 25. c4 Rxb7 26. cxd5 Rd7
27. e4 Rgd6 28. Ke3 g5 29. Rg1 Rg6 30. Kd4 Nc6+ 31. Ke3 f4+ 32. Ke2 Ne5 33. Rc1
Kf7 34. Rc8 Ke7 35. Rgc1 g4 36. Rh8 gxf3+ 37. Kf1 Kd6 38. Rf8 f2 39. Rc3 Nf7
40. Kxf2 Re7 41. Rh3 Ng5 42. Rh4 Nxe4+ 43. Kf3 Ng5+ 0-1

[Event "4NCL/Div2/CAMB1 vs. WWKS1"]
[Site "Birmingham ENG"]
[Date "2006.04.30"]
[Round "10.6"]
[White "Baruch, Andrew J D"]
[Black "Eckersley-Waites, Adam"]
[Result "1-0"]
[WhiteElo "2180"]
[BlackElo "2138"]
[PlyCount "29"]
[EventDate "2006.04.30"]
[EventType "team"]
[EventRounds "11"]
[EventCountry "ENG"]
[SourceDate "2006.04.29"]
[WhiteTeam "Warks Select 1"]
[BlackTeam "Cambridge U 1"]

1. c4 b6 2. Nc3 Bb7 3. e4 e6 4. d3 c5 5. g3 Nc6 6. Bg2 g6 7. Nge2 Bg7 8. Be3 d6
9. d4 cxd4 10. Nxd4 Ne5 11. f4 Nd7 12. Ndb5 Bxc3+ 13. bxc3 Qb8 14. Qxd6 Ngf6
15. Rd1 1-0

[Event "4NCL/Div2/CAMB1 vs. WWKS1"]
[Site "Birmingham ENG"]
[Date "2006.04.30"]
[Round "10.7"]
[White "Regan, Natasha"]
[Black "Hunt, Malcolm A"]
[Result "1/2-1/2"]
[WhiteElo "2208"]
[BlackElo "2108"]
[PlyCount "47"]
[EventDate "2006.04.30"]
[EventType "team"]
[EventRounds "11"]
[EventCountry "ENG"]
[SourceDate "2006.04.29"]
[WhiteTeam "Cambridge U 1"]
[BlackTeam "Warks Select 1"]

1. e4 e5 2. f4 Nc6 3. Nf3 f5 4. exf5 e4 5. Ng5 Nf6 6. d3 d5 7. Ne6 Bxe6 8. fxe6
Qd6 9. Nc3 Qxe6 10. dxe4 dxe4 11. Bb5 Bc5 12. Na4 Be7 13. O-O a6 14. f5 Qd7 15.
Qxd7+ Kxd7 16. Rd1+ Bd6 17. Be2 Ke7 18. Be3 b6 19. c4 Be5 20. Rac1 Rad8 21. Nc3
Nd4 22. Bxd4 Bxd4+ 23. Kf1 Bxc3 24. Rxc3 1/2-1/2

[Event "4NCL/Div2/CAMB1 vs. WWKS1"]
[Site "Birmingham ENG"]
[Date "2006.04.30"]
[Round "10.8"]
[White "Chevannes, Sabrina"]
[Black "Pickard, Charles"]
[Result "1/2-1/2"]
[WhiteElo "2080"]
[BlackElo "2125"]
[PlyCount "42"]
[EventDate "2006.04.30"]
[EventType "team"]
[EventRounds "11"]
[EventCountry "ENG"]
[SourceDate "2006.04.29"]
[WhiteTeam "Warks Select 1"]
[BlackTeam "Cambridge U 1"]

1. d4 d5 2. Nf3 e6 3. Bg5 Be7 4. Bxe7 Qxe7 5. Nbd2 Nf6 6. e3 c5 7. Be2 Nc6 8.
O-O O-O 9. c4 cxd4 10. exd4 Rd8 11. Qc2 Bd7 12. Rad1 Rac8 13. Qb1 e5 14. dxe5
Nxe5 15. Rfe1 dxc4 16. Nxc4 Nxc4 17. Bxc4 Qb4 18. Bb3 Ba4 19. Bxa4 Qxa4 20. h3
Rxd1 21. Rxd1 h6 1/2-1/2

[Event "4NCL/Div2/WRO vs. WGR3"]
[Site "Birmingham ENG"]
[Date "2006.04.30"]
[Round "10.1"]
[White "Hanley, Craig A"]
[Black "Sowray, Peter J"]
[Result "0-1"]
[WhiteElo "2418"]
[BlackElo "2352"]
[PlyCount "86"]
[EventDate "2006.04.30"]
[EventType "team"]
[EventRounds "11"]
[EventCountry "ENG"]
[SourceDate "2006.04.29"]
[WhiteTeam "White Rose"]
[BlackTeam "Wood Green 3"]

1. e4 g6 2. d4 Bg7 3. Nc3 d6 4. f4 a6 5. Nf3 b5 6. e5 Nd7 7. Bd3 c5 8. Be4 Rb8
9. dxc5 Nxc5 10. Bc6+ Bd7 11. Bxd7+ Qxd7 12. Be3 Rc8 13. exd6 exd6 14. Nd5 Ne7
15. Nb6 Qe6 16. Qe2 Rc6 17. Ng5 Qf6 18. Nd5 Nxd5 19. Bd4+ Qe7 20. Qxe7+ Kxe7
21. Bxg7 Rg8 22. O-O-O Nxf4 23. Rhe1+ Nce6 24. Bc3 Nxg2 25. Re4 Ngf4 26. Nxh7
f5 27. Ree1 Kf7 28. h4 Rgc8 29. Kb1 d5 30. Be5 Rxc2 31. Ng5+ Nxg5 32. hxg5 Ne2
33. a3 f4 34. Bd6 f3 35. Rd3 Rc1+ 36. Rxc1 Rxc1+ 37. Ka2 Ke6 38. Rxf3 Kxd6 39.
Rf6+ Kc5 40. Rxg6 a5 41. Rg8 Rg1 42. g6 a4 43. b4+ Kd4 0-1

[Event "4NCL/Div2/WRO vs. WGR3"]
[Site "Birmingham ENG"]
[Date "2006.04.30"]
[Round "10.2"]
[White "Woodward, Timothy"]
[Black "Kobese, Watu"]
[Result "0-1"]
[WhiteElo "2345"]
[BlackElo "2390"]
[PlyCount "80"]
[EventDate "2006.04.30"]
[EventType "team"]
[EventRounds "11"]
[EventCountry "ENG"]
[SourceDate "2006.04.29"]
[WhiteTeam "Wood Green 3"]
[BlackTeam "White Rose"]

1. d4 Nf6 2. c4 e6 3. Nc3 Bb4 4. Qc2 Nc6 5. Nf3 d6 6. a3 Bxc3+ 7. Qxc3 a5 8. b3
O-O 9. e3 Re8 10. Be2 e5 11. d5 Nb8 12. Bb2 Nbd7 13. b4 axb4 14. axb4 Rxa1+ 15.
Bxa1 b5 16. O-O bxc4 17. Bxc4 Nb6 18. Nd2 Nfxd5 19. Bxd5 Nxd5 20. Qa3 Be6 21.
Rc1 Qb8 22. Qa5 Qb7 23. Qa4 Ra8 24. Qd1 Nxb4 25. Qh5 Qd5 26. Nf3 f6 27. Nh4 Qe4
28. h3 Bf7 29. Qg4 Qxg4 30. hxg4 g6 31. Nf3 h6 32. Bc3 Na2 33. Ra1 Ra4 34. Bd2
Rxg4 35. Ne1 c5 36. f4 g5 37. Kf2 gxf4 38. exf4 h5 39. g3 h4 40. gxh4 Rxh4 0-1

[Event "4NCL/Div2/WRO vs. WGR3"]
[Site "Birmingham ENG"]
[Date "2006.04.30"]
[Round "10.3"]
[White "Kaid, Almar"]
[Black "Rechel, Bernd"]
[Result "1/2-1/2"]
[WhiteElo "2275"]
[BlackElo "2416"]
[PlyCount "82"]
[EventDate "2006.04.30"]
[EventType "team"]
[EventRounds "11"]
[EventCountry "ENG"]
[SourceDate "2006.04.29"]
[WhiteTeam "White Rose"]
[BlackTeam "Wood Green 3"]

1. c4 f5 2. g3 Nf6 3. Nf3 g6 4. b4 Bg7 5. Bb2 b6 6. Bg2 Bb7 7. O-O c5 8. Qb3
cxb4 9. Qxb4 Nc6 10. Qa4 Na5 11. d3 O-O 12. Nbd2 d6 13. Bc3 Bc6 14. Qd1 e5 15.
Nb3 Nxb3 16. Qxb3 Kh8 17. a4 Nd7 18. a5 Nc5 19. Qc2 Qd7 20. axb6 axb6 21. Rxa8
Rxa8 22. Rb1 e4 23. Nd4 exd3 24. exd3 Bxg2 25. Kxg2 d5 26. Nb5 dxc4 27. dxc4
Qc6+ 28. Kg1 Ne6 29. Bxg7+ Kxg7 30. Qc3+ Kg8 31. Qe5 Ng5 32. Qd5+ Qxd5 33. cxd5
Ne4 34. Rb2 Rd8 35. Nc7 Rd7 36. Na8 Rxd5 37. Nxb6 Rd4 38. Kg2 Kf7 39. Rc2 Ke6
40. Nc4 g5 41. f3 Nd6 1/2-1/2

[Event "4NCL/Div2/WRO vs. WGR3"]
[Site "Birmingham ENG"]
[Date "2006.04.30"]
[Round "10.4"]
[White "Tan, Desmond"]
[Black "Yepes, Eduardo"]
[Result "1/2-1/2"]
[WhiteElo "2323"]
[BlackElo "2297"]
[PlyCount "20"]
[EventDate "2006.04.30"]
[EventType "team"]
[EventRounds "11"]
[EventCountry "ENG"]
[SourceDate "2006.04.29"]
[WhiteTeam "Wood Green 3"]
[BlackTeam "White Rose"]

1. e4 e6 2. d4 d5 3. Nc3 Bb4 4. e5 c5 5. Bd2 Nh6 6. Bd3 Nc6 7. Nf3 cxd4 8. Nb5
Bxd2+ 9. Qxd2 O-O 10. Nbxd4 f6 1/2-1/2

[Event "4NCL/Div2/WRO vs. WGR3"]
[Site "Birmingham ENG"]
[Date "2006.04.30"]
[Round "10.5"]
[White "Gayson, Peter M"]
[Black "Lee, Graham D"]
[Result "1-0"]
[WhiteElo "2233"]
[BlackElo "2283"]
[PlyCount "99"]
[EventDate "2006.04.30"]
[EventType "team"]
[EventRounds "11"]
[EventCountry "ENG"]
[SourceDate "2006.04.29"]
[WhiteTeam "White Rose"]
[BlackTeam "Wood Green 3"]

1. e4 c6 2. d4 d5 3. e5 Bf5 4. Nf3 e6 5. Be2 Bg4 6. O-O c5 7. c4 dxc4 8. Bxc4
Nc6 9. d5 exd5 10. Bxd5 Qd7 11. Qb3 Bxf3 12. Bxf3 O-O-O 13. Bxc6 Qxc6 14. Qxf7
g6 15. Bg5 Re8 16. Nc3 Bh6 17. Qf4 Bg7 18. Rfe1 h6 19. Bh4 g5 20. Qf5+ Qe6 21.
Qxe6+ Rxe6 22. Bg3 Ne7 23. Ne4 b6 24. Nd6+ Kb8 25. Rad1 Nc6 26. Nf5 Bxe5 27.
Rd5 Rhe8 28. Ng7 Bxg3 29. Rxe6 Rxe6 30. Nxe6 Be5 31. Nd8 Nxd8 32. Rxe5 Nc6 33.
Re2 Kc7 34. Rd2 Ne5 35. Kf1 Kc6 36. Ke2 b5 37. Rd8 c4 38. Rc8+ Kd5 39. Rd8+ Kc5
40. a3 a5 41. f3 b4 42. axb4+ axb4 43. g3 b3 44. f4 gxf4 45. gxf4 Nd3 46. Rxd3
cxd3+ 47. Kxd3 Kd5 48. Ke3 h5 49. h4 Kc4 50. Ke4 1-0

[Event "4NCL/Div2/WRO vs. WGR3"]
[Site "Birmingham ENG"]
[Date "2006.04.30"]
[Round "10.6"]
[White "Grant, Jonathan"]
[Black "Llaneza Vega, Patricia"]
[Result "1-0"]
[WhiteElo "2254"]
[BlackElo "2273"]
[PlyCount "117"]
[EventDate "2006.04.30"]
[EventType "team"]
[EventRounds "11"]
[EventCountry "ENG"]
[SourceDate "2006.04.29"]
[WhiteTeam "Wood Green 3"]
[BlackTeam "White Rose"]

1. c4 e5 2. Nc3 Bb4 3. Nd5 Ba5 4. b4 c6 5. bxa5 cxd5 6. cxd5 Qxa5 7. e4 Nf6 8.
f3 O-O 9. Bd3 d6 10. Ne2 Bd7 11. O-O Ba4 12. Qe1 Nbd7 13. Nc3 Nc5 14. Be2 Bc2
15. a4 Nb3 16. Ra2 Nd4 17. Qf2 Rfc8 18. Ba3 Nxe2+ 19. Nxe2 Bd3 20. Rfa1 Bc4 21.
Rb2 Bxe2 22. Qxe2 Qxa4 23. Qe3 b6 24. Rba2 Qd7 25. Bb4 h6 26. Ra6 Qc7 27. Qa3
Qc4 28. Bxd6 Qd4+ 29. Qe3 Qb2 30. R6a2 Rc1+ 31. Rxc1 Qxc1+ 32. Kf2 Qb1 33. Ra3
Nd7 34. Qc3 Qb5 35. Qc6 Qxc6 36. dxc6 Nc5 37. c7 Rc8 38. Bxc5 bxc5 39. Rxa7 Kf8
40. Ke2 Ke7 41. Kd3 Kd6 42. Kc4 h5 43. Kb5 f6 44. Kb6 Kd7 45. h4 c4 46. g3 g6
47. Kc5 Rxc7+ 48. Rxc7+ Kxc7 49. Kxc4 Kd6 50. d4 exd4 51. Kxd4 g5 52. f4 gxh4
53. gxh4 Ke6 54. Kc5 Kd7 55. Kd5 Ke7 56. e5 fxe5 57. Kxe5 Kd7 58. Kf6 Kd6 59.
f5 1-0

[Event "4NCL/Div2/WRO vs. WGR3"]
[Site "Birmingham ENG"]
[Date "2006.04.30"]
[Round "10.7"]
[White "Barrett, Steve J"]
[Black "Gilbert, Jessie"]
[Result "1/2-1/2"]
[WhiteElo "2189"]
[BlackElo "2144"]
[PlyCount "45"]
[EventDate "2006.04.30"]
[EventType "team"]
[EventRounds "11"]
[EventCountry "ENG"]
[SourceDate "2006.04.29"]
[WhiteTeam "White Rose"]
[BlackTeam "Wood Green 3"]

1. d4 g6 2. c4 Bg7 3. Nc3 d6 4. Bg5 h6 5. Bh4 f5 6. e3 Nf6 7. Nf3 Na6 8. Be2 c5
9. h3 Bd7 10. a3 O-O 11. Qc2 cxd4 12. Nxd4 Nc5 13. f3 a6 14. b4 Ne6 15. Bf2 Rc8
16. Qb3 Nxd4 17. exd4 Be6 18. Rc1 Bf7 19. O-O Nh5 20. Rfd1 e5 21. d5 Qg5 22. h4
Qe7 23. c5 1/2-1/2

[Event "4NCL/Div2/WRO vs. WGR3"]
[Site "Birmingham ENG"]
[Date "2006.04.30"]
[Round "10.8"]
[White "Maduekwe, Chiedu"]
[Black "Cumbers, Paul"]
[Result "1-0"]
[WhiteElo "2142"]
[BlackElo "2123"]
[PlyCount "81"]
[EventDate "2006.04.30"]
[EventType "team"]
[EventRounds "11"]
[EventCountry "ENG"]
[SourceDate "2006.04.29"]
[WhiteTeam "Wood Green 3"]
[BlackTeam "White Rose"]

1. d4 Nf6 2. c4 c5 3. d5 e6 4. Nc3 exd5 5. cxd5 d6 6. e4 g6 7. Nf3 Bg7 8. h3
O-O 9. Bd3 Nh5 10. O-O a6 11. a4 Nd7 12. g4 Nhf6 13. Bf4 Qe7 14. Re1 Ne8 15.
Qd2 h5 16. gxh5 Ne5 17. Nxe5 Bxe5 18. Bg5 Qd7 19. Bf1 gxh5 20. Ra3 f5 21. f4
Bd4+ 22. Kh2 fxe4 23. Nxe4 Qh7 24. Rg3 Kh8 25. Bd3 h4 26. Rf3 Bf5 27. Nc3 Bf6
28. Re6 Qh5 29. Bxf6+ Nxf6 30. Ree3 Rg8 31. Bxf5 Qxf5 32. Qf2 Qh5 33. Re6 Rg3
34. Rfe3 Rxe3 35. Qxe3 Nxd5 36. Nxd5 Qxd5 37. Rh6+ Kg7 38. Rxh4 Rf8 39. Qg3+
Kf7 40. Rh7+ Ke8 41. Qe1+ 1-0

[Event "4NCL/Div2/PYO vs. GUI3"]
[Site "Birmingham ENG"]
[Date "2006.05.01"]
[Round "11.1"]
[White "Rendle, Thomas E"]
[Black "Prie, Eric"]
[Result "1/2-1/2"]
[WhiteElo "2357"]
[BlackElo "2475"]
[PlyCount "53"]
[EventDate "2006.05.01"]
[EventType "team"]
[EventRounds "11"]
[EventCountry "ENG"]
[SourceDate "2006.05.01"]
[WhiteTeam "Perceptron Yth"]
[BlackTeam "Guildford-ADC 3"]

1. e4 d5 2. exd5 Qxd5 3. Nc3 Qa5 4. d4 Nf6 5. Nf3 c6 6. Bc4 Bf5 7. Bd2 e6 8.
Nd5 Qd8 9. Nxf6+ Qxf6 10. Qe2 Bg4 11. d5 Bxf3 12. gxf3 cxd5 13. Bxd5 Nd7 14.
O-O-O O-O-O 15. Be4 Qe5 16. Bc3 Qc7 17. Kb1 f6 18. h4 Bd6 19. Rhg1 Nc5 20. Qc4
Kb8 21. a3 Nxe4 22. Qxc7+ Bxc7 23. fxe4 Rxd1+ 24. Rxd1 Rd8 25. Rg1 Rd7 26. h5
Bf4 27. Ka2 1/2-1/2

[Event "4NCL/Div2/PYO vs. GUI3"]
[Site "Birmingham ENG"]
[Date "2006.05.01"]
[Round "11.2"]
[White "Flear, Glenn C"]
[Black "Bigg, Andrew J"]
[Result "1/2-1/2"]
[WhiteElo "2465"]
[BlackElo "2281"]
[PlyCount "72"]
[EventDate "2006.05.01"]
[EventType "team"]
[EventRounds "11"]
[EventCountry "ENG"]
[SourceDate "2006.05.01"]
[WhiteTeam "Guildford-ADC 3"]
[BlackTeam "Perceptron Yth"]

1. d4 e6 2. c4 Bb4+ 3. Nd2 f5 4. g3 Nf6 5. Bg2 O-O 6. Ngf3 d6 7. O-O Bxd2 8.
Qxd2 Nc6 9. b4 Ne4 10. Qb2 a6 11. d5 Ne7 12. dxe6 Bxe6 13. Nd4 Bxc4 14. Nxf5
Nxf5 15. Bxe4 d5 16. Bg2 a5 17. Rd1 Qe7 18. Bxd5+ Bxd5 19. Rxd5 axb4 20. Re5
Qf7 21. Bf4 Nd6 22. Qxb4 Rxa2 23. Rxa2 Qxa2 24. Re7 Nf5 25. Rxc7 Qxe2 26. Qb3+
Kh8 27. Qd5 h6 28. Rxb7 Nh4 29. gxh4 Rxf4 30. Rb8+ Kh7 31. Qg8+ Kg6 32. Qe8+
Qxe8 33. Rxe8 Rg4+ 34. Kf1 Rxh4 35. Kg2 Rf4 36. Kg3 Rf6 1/2-1/2

[Event "4NCL/Div2/PYO vs. GUI3"]
[Site "Birmingham ENG"]
[Date "2006.05.01"]
[Round "11.3"]
[White "Player, Edmund C"]
[Black "Buckley, Graeme"]
[Result "0-1"]
[WhiteElo "2122"]
[BlackElo "2398"]
[PlyCount "119"]
[EventDate "2006.05.01"]
[EventType "team"]
[EventRounds "11"]
[EventCountry "ENG"]
[SourceDate "2006.05.01"]
[WhiteTeam "Perceptron Yth"]
[BlackTeam "Guildford-ADC 3"]

1. e4 c5 2. Nc3 Nc6 3. g3 g6 4. Bg2 Bg7 5. d3 Rb8 6. Be3 b5 7. Qd2 d6 8. Nge2
b4 9. Nd1 Nd4 10. O-O e6 11. Nc1 Ne7 12. c3 bxc3 13. bxc3 Ndc6 14. Bh6 O-O 15.
Bxg7 Kxg7 16. Ne3 e5 17. Nb3 Be6 18. Rab1 Qb6 19. Qc2 Qa6 20. Rb2 Rb7 21. Rfb1
Rfb8 22. Nc1 Nc8 23. f4 c4 24. d4 Rxb2 25. Rxb2 exd4 26. Rxb8 d3 27. Qd2 Nxb8
28. f5 Nd7 29. fxe6 fxe6 30. Nxc4 Qxc4 31. Qxd3 Qc5+ 32. Qd4+ e5 33. Qxc5 Nxc5
34. Kf2 Na4 35. Ne2 Kf6 36. Ke3 Ncb6 37. Kd3 Nc5+ 38. Kc2 Nc4 39. Bf3 Ne3+ 40.
Kc1 Nf1 41. h3 Ke6 42. Kd1 Kd7 43. Ke1 Ne3 44. Kf2 Nd1+ 45. Ke1 Nb2 46. h4 Kc6
47. Ng1 Kb5 48. Nh3 h6 49. Nf2 Nbd3+ 50. Nxd3 Nxd3+ 51. Kd2 Nc5 52. Kc2 Ka4 53.
Kb2 Nd3+ 54. Kb1 Ka3 55. Be2 Nc5 56. Bf3 a5 57. Bg2 Na4 58. Kc2 Kxa2 59. Bf3
Nc5 60. c4 0-1

[Event "4NCL/Div2/PYO vs. GUI3"]
[Site "Birmingham ENG"]
[Date "2006.05.01"]
[Round "11.4"]
[White "Shaw, John K"]
[Black "Eckersley-Waites, Tom"]
[Result "1-0"]
[WhiteElo "2439"]
[BlackElo "2111"]
[PlyCount "67"]
[EventDate "2006.05.01"]
[EventType "team"]
[EventRounds "11"]
[EventCountry "ENG"]
[SourceDate "2006.05.01"]
[WhiteTeam "Guildford-ADC 3"]
[BlackTeam "Perceptron Yth"]

1. e4 c5 2. Nc3 Nc6 3. Bb5 Nd4 4. Bc4 e6 5. Nge2 a6 6. Nxd4 cxd4 7. Ne2 Nf6 8.
d3 Qb6 9. O-O d6 10. c3 dxc3 11. Nxc3 Be7 12. Bb3 Qc6 13. Bg5 b5 14. Nd5 Nxd5
15. exd5 Qb7 16. Bxe7 Qxe7 17. dxe6 fxe6 18. Qf3 Bb7 19. Qh3 d5 20. Rfe1 Kd7
21. Re5 Qd6 22. Rae1 Rae8 23. Bd1 h5 24. Rxh5 Rxh5 25. Bxh5 d4 26. Bf3 Bxf3 27.
Qxf3 Rc8 28. h4 Rc2 29. Qg4 Rxb2 30. Qxg7+ Kd8 31. Qf6+ Kd7 32. h5 e5 33. Qg7+
Qe7 34. h6 1-0

[Event "4NCL/Div2/PYO vs. GUI3"]
[Site "Birmingham ENG"]
[Date "2006.05.01"]
[Round "11.5"]
[White "Levermore, Peter A"]
[Black "van Delft, Merijn"]
[Result "0-1"]
[WhiteElo "2086"]
[BlackElo "2372"]
[PlyCount "58"]
[EventDate "2006.05.01"]
[EventType "team"]
[EventRounds "11"]
[EventCountry "ENG"]
[SourceDate "2006.05.01"]
[WhiteTeam "Perceptron Yth"]
[BlackTeam "Guildford-ADC 3"]

1. e4 g6 2. d4 Bg7 3. Nf3 d6 4. Nc3 a6 5. a4 b6 6. Bg5 Bb7 7. Bc4 Nd7 8. O-O h6
9. Bh4 g5 10. Bg3 e6 11. Re1 Ne7 12. Qd2 Ng6 13. Rad1 g4 14. e5 d5 15. Bxd5
exd5 16. e6 gxf3 17. exd7+ Kxd7 18. Qd3 Kc8 19. Qxf3 Qd7 20. Qh5 Bc6 21. b4 b5
22. axb5 axb5 23. Be5 Rg8 24. Bxg7 Rxg7 25. Qxh6 Rg8 26. Rd3 Qd6 27. Qh7 Rh8
28. Qxf7 Qxh2+ 29. Kf1 Nf4 0-1

[Event "4NCL/Div2/PYO vs. GUI3"]
[Site "Birmingham ENG"]
[Date "2006.05.01"]
[Round "11.6"]
[White "Muir, Andrew J"]
[Black "Wells, Daniel"]
[Result "1-0"]
[WhiteElo "2342"]
[BlackElo "1988"]
[PlyCount "59"]
[EventDate "2006.05.01"]
[EventType "team"]
[EventRounds "11"]
[EventCountry "ENG"]
[SourceDate "2006.05.01"]
[WhiteTeam "Guildford-ADC 3"]
[BlackTeam "Perceptron Yth"]

1. d4 Nf6 2. c4 g6 3. Nc3 Bg7 4. e4 d6 5. f3 O-O 6. Be3 c5 7. Nge2 Qa5 8. Qd2
Nc6 9. d5 Ne5 10. Nc1 e6 11. a4 a6 12. Ra3 Bd7 13. Be2 exd5 14. cxd5 Rab8 15.
h3 Bc8 16. O-O Nh5 17. f4 Ng3 18. fxe5 Nxf1 19. Bxf1 dxe5 20. Nb3 Qd8 21. Bxc5
Re8 22. a5 f5 23. Bc4 Kh8 24. d6 Bd7 25. Bb6 Qh4 26. Nc5 Bc6 27. d7 Rf8 28. Ne6
Bh6 29. d8=Q Rfxd8 30. Bxd8 1-0

[Event "4NCL/Div2/PYO vs. GUI3"]
[Site "Birmingham ENG"]
[Date "2006.05.01"]
[Round "11.7"]
[White "Hulley, John"]
[Black "Anderton, Matthew N"]
[Result "0-1"]
[WhiteElo "2055"]
[BlackElo "2219"]
[PlyCount "96"]
[EventDate "2006.05.01"]
[EventType "team"]
[EventRounds "11"]
[EventCountry "ENG"]
[SourceDate "2006.05.01"]
[WhiteTeam "Perceptron Yth"]
[BlackTeam "Guildford-ADC 3"]

1. d4 Nf6 2. Bg5 c5 3. Bxf6 gxf6 4. d5 Qb6 5. Qc1 d6 6. Nf3 Nd7 7. g3 f5 8.
Nbd2 Nf6 9. c4 Bg7 10. Qc2 Bd7 11. Bg2 O-O-O 12. e3 e5 13. dxe6 fxe6 14. O-O
Bc6 15. Rab1 Ne4 16. a3 Qc7 17. Nh4 Nxd2 18. Qxd2 Bf6 19. Bxc6 Qxc6 20. Ng2 d5
21. cxd5 Rxd5 22. Qa5 Kb8 23. Rfd1 b6 24. Qe1 Rhd8 25. Rxd5 Rxd5 26. b4 c4 27.
Nf4 Rd8 28. Rd1 Rxd1 29. Qxd1 c3 30. Qc2 Qe4 31. Nd3 Kb7 32. Ne1 Qxc2 33. Nxc2
Kc6 34. Kf1 Kb5 35. Ke2 Kc4 36. h3 h5 37. f3 e5 38. e4 fxe4 39. fxe4 Bg5 40. a4
a6 41. g4 hxg4 42. hxg4 Bd2 43. b5 a5 44. Na1 Kd4 45. Nb3+ Kxe4 46. Nxa5 bxa5
47. b6 Be3 48. g5 c2 0-1

[Event "4NCL/Div2/PYO vs. GUI3"]
[Site "Birmingham ENG"]
[Date "2006.05.01"]
[Round "11.8"]
[White "Zickelbein, Eva-Maria"]
[Black "Hutchinson, Joanne"]
[Result "1-0"]
[WhiteElo "2143"]
[BlackElo "1715"]
[PlyCount "55"]
[EventDate "2006.05.01"]
[EventType "team"]
[EventRounds "11"]
[EventCountry "ENG"]
[SourceDate "2006.05.01"]
[WhiteTeam "Guildford-ADC 3"]
[BlackTeam "Perceptron Yth"]

1. e4 c5 2. Nc3 d6 3. f4 Nc6 4. Bc4 Nf6 5. d3 g6 6. Nf3 Bg4 7. h3 Bxf3 8. Qxf3
Nd4 9. Qf2 e6 10. O-O Qc7 11. Nb5 Nxb5 12. Bxb5+ Nd7 13. f5 O-O-O 14. fxe6 fxe6
15. Bg5 Bg7 16. Bxd8 Rxd8 17. Bxd7+ Rxd7 18. c3 Qb6 19. Kh1 h6 20. Qc2 e5 21.
Rf3 Qc7 22. Raf1 b6 23. Qb3 h5 24. Qd5 Qb7 25. Qe6 Bh6 26. Rf7 Bf4 27. Qe8+ Rd8
28. Qxd8+ 1-0